Countries Where the 1% Live - Statistics

General Stats
  • This quiz has been taken 4,018 times
    3,994 since last reset
  • The average score is 31 of 38
Answer Stats
Millions Country % Correct
18.01 United States
99%
1.58 China
97%
2.90 United Kingdom
97%
3.53 France
94%
2.76 Germany
94%
4.05 Japan
94%
0.20 Russia
94%
1.62 Canada
93%
0.64 Spain
93%
1.78 Australia
92%
0.30 Brazil
92%
0.24 India
92%
2.28 Italy
92%
0.61 Sweden
92%
0.23 Mexico
91%
0.34 Norway
90%
0.15 Finland
87%
0.81 Switzerland
87%
0.45 South Korea
85%
0.32 Austria
83%
0.12 New Zealand
83%
0.07 Poland
83%
0.10 Portugal
83%
0.34 Denmark
82%
0.50 Netherlands
82%
0.53 Belgium
80%
0.13 Indonesia
79%
0.12 Greece
77%
0.13 Ireland
77%
0.06 South Africa
77%
0.23 Singapore
71%
0.03 Thailand
66%
0.06 Chile
65%
0.51 Taiwan
65%
0.07 Colombia
64%
0.13 Israel
58%
0.02 Romania
51%
0.04 Czech Republic
28%
No matching quizzes found
Score Distribution
Percent of People with Each Score
Percentile by Number Answered
Your Score History
You have not taken this quiz since the last reset